| 000 | 00775nam a2200205Ia 4500 | ||
|---|---|---|---|
| 003 | GCL | ||
| 008 | 140319s9999 xx 000 0 ara d | ||
| 040 |
_aGCL / _cGCL |
||
| 082 | 0 | 4 |
_a956.702 _bا ر |
| 100 | 1 | _aامال السبكى | |
| 245 | 1 | 0 |
_aرؤية الادارة الامريكية لحركة رشيد عالى الكيلانى : دراسة وثائقية من ارشيف الخارجية الامريكية / _cامال السبكى |
| 300 | _a181 ص | ||
| 490 | _a | ||
| 650 | 0 | 4 | _aالعراق |
| 650 | 0 | 4 | _aالولايات المتحدة الامريكية |
| 650 | 0 | 4 | _aالانتداب البريطانى (1930-1914) |
| 650 | 0 | 4 | _aالعراق - تاريخ - العصر الحديث |
| 650 | 0 | 4 | _aرشيد عالى الكيلانى |
| 942 |
_2ddc _cBK |
||
| 999 |
_c40722 _d40722 |
||